Statistiques concernant Villes françaises les plus peuplées à travers l'Histoire

Cliquez ici pour prendre le quiz!

Statistiques générales

  • Ce quiz a été pris 39 331 fois
  • Le résultat moyen est 16 sur 25

Statistiques - réponses

Villes% Correct
Paris
100%
Marseille
99%
Lyon
98%
Rennes/Strasbourg
96%
Lille
95%
Bordeaux
94%
Toulouse
92%
Nice
91%
Strasbourg
91%
Nantes
89%
Rennes
85%
Montpellier
76%
Reims
65%
Orléans
57%
Le Havre
53%
Rouen
53%
Saint-Etienne
53%
Metz
52%
Tours
47%
Amiens
37%
Blois
15%
Arles
13%
Narbonne
13%
Arras
11%
Sens
4%

Distribution des résultats

Percentile par nombre de réponses

% des personnes avec chaque résultat

Votre développement - résultats

Vous n’avez pas pris ce quiz